| 000 | 006930000a22002050004500 | ||
|---|---|---|---|
| 090 |
_aAR _b03643 |
||
| 245 | 1 | 0 | _aOnthophagus luismargaritorum, nueva especie mexicana del grupo Clypeatus (Coleoptera: Scarabaeidae) |
| 650 | 1 | 4 |
_aEntomología _94483 |
| 650 | 1 | 4 |
_aColeópteros _97857 |
| 650 | 1 | 4 |
_aTaxonomía animal _98245 |
| 650 | 1 | 4 |
_aMorfología animal _99953 |
| 650 | 1 | 4 |
_aDistribución geográfica _992997 |
| 650 | 1 | 4 |
_aHábitos _915810 |
| 651 | 4 |
_mCórdoba _dVeracruz _pMéxico _992749 |
|
| 653 |
_gOnthophagus _eOnthophagus luismargaritorum |
||
| 041 | 0 | _aEspañol | |
| 100 | 1 |
_aDelgado , Leonardo _997374 |
|
| 942 | _cARTICULO | ||
| 773 | 1 |
_tFolia Entomológica Méxicana _q57-61 _d1995 _g94 |
|
| 999 |
_c12691 _d12691 |
||